Sick Building Syndrome: a review of the evidence on causes and solutions. (Record no. 85979)
[ view plain ]
| 000 -LEADER | |
|---|---|
| fixed length control field | 00939cam a2200253 4500 |
| 008 - FIXED-LENGTH DATA ELEMENTS--GENERAL INFORMATION | |
| fixed length control field | 090401t1992 xxu||||| |||| 00| 0 eng d |
| 020 ## - INTERNATIONAL STANDARD BOOK NUMBER | |
| International Standard Book Number | 0118863649 |
| 035 ## - SYSTEM CONTROL NUMBER | |
| System control number | (Sirsi) u3981 |
| 041 ## - LANGUAGE CODE | |
| Language code of text/sound track or separate title | eng |
| 050 ## - LIBRARY OF CONGRESS CALL NUMBER | |
| Classification number | 697.93 |
| 100 ## - MAIN ENTRY--PERSONAL NAME | |
| Personal name | Raw, G. J. |
| 245 ## - TITLE STATEMENT | |
| Title | Sick Building Syndrome: a review of the evidence on causes and solutions. |
| 260 ## - PUBLICATION, DISTRIBUTION, ETC. | |
| Place of publication, distribution, etc. | London |
| Name of publisher, distributor, etc. | HMSO |
| Date of publication, distribution, etc. | 1992 |
| 300 ## - PHYSICAL DESCRIPTION | |
| Extent | iii,121p. ; 30cm. |
| 350 ## - PRICE (NR) (BK AM CF MU VM SE) [OBSOLETE] | |
| Price | 25 |
| 490 ## - SERIES STATEMENT | |
| Series statement | HSE Contract Research Report |
| Volume/sequential designation | 42/1992 |
| 520 ## - SUMMARY, ETC. | |
| Summary, etc. | Report which sets out to describe Sick Building Syndrome and its possible causes and to provide guidance on what can be done to prevent it. Aimed at those who have responsibility for buildings, building services and office staff. |
| 650 ## - SUBJECT ADDED ENTRY--TOPICAL TERM | |
| Topical term or geographic name entry element | SICK BUILDINGS SYNDROME |
| 690 ## - LOCAL SUBJECT ADDED ENTRY--TOPICAL TERM (OCLC, RLIN) | |
| Topical term or geographic name as entry element | BUILT ENVIRONMENT |
| 710 ## - ADDED ENTRY--CORPORATE NAME | |
| Corporate name or jurisdiction name as entry element | Great Britain |
| Subordinate unit | Health and Safety Executive |
| 710 ## - ADDED ENTRY--CORPORATE NAME | |
| Corporate name or jurisdiction name as entry element | Building Research Establishment |
| 942 ## - ADDED ENTRY ELEMENTS (KOHA) | |
| Suppress in OPAC | 0 |
| 948 ## - LOCAL PROCESSING INFORMATION (OCLC); SERIES PART DESIGNATOR (RLIN) | |
| c (OCLC) | 04/03/1997 |
| Withdrawn status | Lost status | Source of classification or shelving scheme | Damaged status | Not for loan | Home library | Current library | Shelving location | Date acquired | Cost, normal purchase price | Total Checkouts | Full call number | Barcode | Date last seen | Date last checked out | Copy number | Cost, replacement price | Price effective from | Koha item type |
|---|---|---|---|---|---|---|---|---|---|---|---|---|---|---|---|---|---|---|
| Dewey Decimal Classification | London | London | Folio | 28/08/1992 | 25.00 | 4 | F697.93 | 30033924 | 06/08/2019 | 01/12/2006 | 1 | 25.00 | 06/08/2019 | Book |